Fearfully and wonderfully made / (Record no. 7263)
[ view plain ]
| 000 -LEADER | |
|---|---|
| fixed length control field | 01402cam a2200337 i 4500 |
| 001 - CONTROL NUMBER | |
| control field | 6195758 |
| 003 - CONTROL NUMBER IDENTIFIER | |
| control field | OCoLC |
| 005 - DATE AND TIME OF LATEST TRANSACTION | |
| control field | 20190205103909.0 |
| 008 - FIXED-LENGTH DATA ELEMENTS--GENERAL INFORMATION | |
| fixed length control field | 800320s1980 miua b 000 0 eng |
| 010 ## - LIBRARY OF CONGRESS CONTROL NUMBER | |
| LC control number | 80013440 |
| 020 ## - INTERNATIONAL STANDARD BOOK NUMBER | |
| International Standard Book Number | 0310354501 |
| 020 ## - INTERNATIONAL STANDARD BOOK NUMBER | |
| International Standard Book Number | 9780310354505 |
| 020 ## - INTERNATIONAL STANDARD BOOK NUMBER | |
| International Standard Book Number | 0890660379 |
| 020 ## - INTERNATIONAL STANDARD BOOK NUMBER | |
| International Standard Book Number | 9780890660379 |
| 035 ## - SYSTEM CONTROL NUMBER | |
| System control number | (OCoLC)6195758 |
| Canceled/invalid control number | (OCoLC)7557481 |
| 040 ## - CATALOGING SOURCE | |
| Original cataloging agency | DLC |
| Language of cataloging | eng |
| Transcribing agency | DLC |
| Modifying agency | GMC |
| -- | BTCTA |
| -- | MOF |
| -- | CKL |
| -- | SGB |
| -- | CFT |
| -- | OCLCF |
| 050 00 - LIBRARY OF CONGRESS CALL NUMBER | |
| Classification number | BV600.2 |
| Item number | .B67 |
| 082 00 - DEWEY DECIMAL CLASSIFICATION NUMBER | |
| Classification number | 262 |
| Item number | B817F |
| 092 0# - LOCALLY ASSIGNED DEWEY CALL NUMBER (OCLC) | |
| Classification number | 262 |
| Item number | B8173 |
| 100 1# - MAIN ENTRY--PERSONAL NAME | |
| Personal name | Yancey, Philip |
| 245 10 - TITLE STATEMENT | |
| Title | Fearfully and wonderfully made / |
| Statement of responsibility, etc. | Philip Yancey and Paul Brand ; illustrated by Charles Shaw. |
| 260 ## - PUBLICATION, DISTRIBUTION, ETC. | |
| Place of publication, distribution, etc. | Grand Rapids, MI : |
| Name of publisher, distributor, etc. | Zondervan Pub. House, |
| Date of publication, distribution, etc. | c1980. |
| 300 ## - PHYSICAL DESCRIPTION | |
| Extent | 214 p. : |
| Other physical details | ill. ; |
| Dimensions | 24 cm. |
| 504 ## - BIBLIOGRAPHY, ETC. NOTE | |
| Bibliography, etc. note | Bibliography: p. [211]-214. |
| 505 0# - FORMATTED CONTENTS NOTE | |
| Formatted contents note | Cells. Members -- Specialization -- Diversity -- Worth -- Unity -- Service -- Mutiny -- Bones. A frame -- Hardness -- Freedom -- Growth -- Adapting -- Inside-out -- Skin. Visibility -- Perceiving -- Compliancy -- Transmitting -- Loving -- Confronting -- Motion. Movement -- Balance -- Dysfunctions -- Hierarchy -- Guidance -- A presence. |
| 520 ## - SUMMARY, ETC. | |
| Summary, etc. | "A surgeon looks at the human and spiritual body"--Jacket subtitle. |
| 650 #0 - SUBJECT ADDED ENTRY--TOPICAL TERM | |
| Topical term or geographic name entry element | Church. |
| 650 #0 - SUBJECT ADDED ENTRY--TOPICAL TERM | |
| Topical term or geographic name entry element | Human body |
| General subdivision | Religious aspects |
| -- | Christianity. |
| 700 1# - ADDED ENTRY--PERSONAL NAME | |
| Personal name | Yancey, Philip, |
| Relator term | joint author. |
| 942 ## - ADDED ENTRY ELEMENTS (KOHA) | |
| Source of classification or shelving scheme | Dewey Decimal Classification |
| Koha item type | Books |
| Withdrawn status | Lost status | Source of classification or shelving scheme | Damaged status | Not for loan | Collection code | Home library | Current library | Shelving location | Date acquired | Cost, normal purchase price | Total Checkouts | Full call number | Barcode | Date last seen | Price effective from | Koha item type |
|---|---|---|---|---|---|---|---|---|---|---|---|---|---|---|---|---|
| Dewey Decimal Classification | Non-fiction | Harvest Mission College | Harvest Mission College | General Stacks | 05.02.2019 | 850.00 | 262 B817F | 008257 | 05.02.2019 | 05.02.2019 | Books |
